| 000 | 00925nam a22002057a 4500 | ||
|---|---|---|---|
| 008 | 110905t1983 xxu||||g |||| 000 0 eng d | ||
| 020 | _a977011605 | ||
| 082 |
_222 _a320.54 _bش م ي |
||
| 100 |
_927008 _aشميت(الإبن )،أرثر ادوارد جولد |
||
| 245 |
_aالحزب الوطنى المصرى: _bمصطفى كامل-محمد فريد |
||
| 260 |
_aالقاهرة: _bالهيئة المصرية العامة للكتاب ،1983. _c1983. |
||
| 300 |
_a330ص، _c24سم. |
||
| 650 |
_927011 _aالقومية العربية _zمصر |
||
| 650 |
_927012 _aالاحتلال العسكرى البريطانى |
||
| 653 |
_bGeneral _cSeptember2011 |
||
| 700 |
_927009 _a،دواره،فؤاد _cمترجم |
||
| 700 |
_927010 _a،رضوان،فتحى _cمقدم |
||
| 942 |
_2ddc _cBB |
||
| 999 |
_c15950 _d15950 |
||